Länder, die mit K enden - Statistiken

Allgemein
  • Dieses Quiz wurde 1.003 mal gespielt
  • Das Durchschnittsergebnis liegt bei 2 aus 5
Antwortstatistiken
Land % Korrekt
Dänemark
78%
Irak
52%
Mosambik
38%
Dominikanische Republik
21%
Zentralafrikanische Republik
17%
Keine übereinstimmenden Quizze gefunden
Verteilung der Resultate
Anzahl Personen mit jedem Resultat
Perzentil nach korrekt beantworteten Fragen
Ihre Resultats-Entwicklung
Sie haben dieses Quiz noch nicht gespielt